Ever-Present 'Game of Thrones' Characters Quiz Stats

Quiz Updated Nov 28, 2017

Challenge
Share
Tweet
Embed
Score 0/13 Timer 03:00
0 Plays Today
% Correct
Jon Snow
92%
Arya Stark
91.6%
Sansa Stark
90.9%
Cersei Lannister
90.7%
Jaime Lannister
90.6%
Daenerys Targaryen
90.6%
Tyrion Lannister
90.1%
Petyr Baelish
83.8%
Theon Greyjoy
82.6%
Varys
78.7%
Samwell Tarly
74.2%
Jorah Mormont
69.7%
Bronn
53.1%

You're not logged in!

Compare scores with friends on all Sporcle quizzes.
Sign Up with Email
OR
Log In

You Might Also Like...

Show Comments

Extras

Top Quizzes Today


Score Distribution

Your Account Isn't Verified!

In order to create a playlist on Sporcle, you need to verify the email address you used during registration. Go to your Sporcle Settings to finish the process.